00360nam a2200145Ia 4500003000400000008004100004040001600045082001300061100001700074245004600091260003000137300001000167650001500177650002200192GCL140319s9999 xx 000 0 eng d aGCL / cGCL04a843bS D1 aSARTRE, JEAN10aLE DIABLE ET LE BON DIEU / cSARTRE, JEAN a[S.N] : bFOLIO ، c1994 a252 P04aLITERATURE04aFRENCH LITERATURE